000 00443nam a2200169Ia 4500
008 221030s9999 xx 000 0 und d
020 _a8185749299
041 _aEnglish
082 _a105.23
100 _aJ. B. Gupta
245 2 _aA Course in Electrical Technology ( Basic Electrical engineering ) Vol. I
_cby J. B. Gupta
250 _a12th
260 _bS. K. Kataria & Sons
_aDelhi
_c2008
300 _a771
650 _aEE
942 _cBK
999 _c2668
_d2668